000 00410nam a2200169Ia 4500
999 _c43672
_d43672
003 0100
005 20190509123834.0
008 130303s9999 xx 000 0 und d
040 _cARRUPELIB
050 _aBV2180.M25 1962
100 _aMcCoy, Joseph A
_946363
245 _aAdvice from the field
260 _aBaltimore
260 _bHelicon Press Inc
300 _a288p
_c22cm.
600 _xtheory
_946364
_qMissions
600 _xMissions
_946365
_tCatholic Church
700 _awith a preface by Frederick A. McGuire
_946366
942 _2lcc
_cMONOGRAPH